Obras completas

Guardat en:
Dades bibliogràfiques
Autor principal: Rodó, José Enrique (Autor)
Format: Llibre
Idioma:espanyol
Publicat: Madrid Aguilar 1957
Matèries:
Etiquetes: Afegir etiqueta
Sense etiquetes, Sigues el primer a etiquetar aquest registre!

MARC

LEADER 00000nam a2200000 a 4500
001 UCN0553
003 CL-VaPUC
008 010330e19570000SP |||||||||||||||||spa|d
082 0 4 |a Ur864  |b ROD  |2 21 
100 0 |a Rodó, José Enrique  |e author  |9 313720 
245 1 0 |a Obras completas 
300 |a 1481 p 
942 |c BK 
945 |d 20010330 00:00:00  |a crobeson 
260 |a Madrid  |b Aguilar  |c 1957 
650 0 |a Ensayos uruguayos  |9 322531 
650 0 |a Literatura uruguaya  |9 342815 
583 |a last modification  |c 20010330 00:00:00  |k Rodrigo Vera 
999 |c 294289  |d 294287 
952 |0 0  |1 0  |4 0  |6 UR_864_000000000000000_ROD_1957  |7 0  |8 A  |9 346546  |a BIBARQ  |b BIBARQ  |d 2019-11-20  |i 1245627  |o Ur864 ROD 1957  |p 1245627  |r 2025-01-20  |w 2019-11-20  |y BK  |k ARQ